MARC

LEADER 00000nas a2200000 a 4500
001 ssj0013757
003 WaSeSS
005 20200512172242.0
006 m d
007 cr n
008 030128d19672001nyubr pss 0 0eng c
010 |a  2005266571 
022 |y 0042-2835 
035 |a (WaSeSS)ssj0013757 
040 |a HUA  |b eng  |c HUA  |d OCLCQ  |d FQM  |d OCLCQ  |d PIT  |d LGG  |d MUQ  |d OCLCQ  |d OCLCF  |d OCLCQ  |d Z5A  |d OCLCO  |d OCLCA  |d APUMS  |d AUD  |d VT2  |d U3W  |d WaSeSS 
042 |a pcc 
050 1 4 |a RD598  |b .V37 
060 0 0 |a W1  |b VA922 
082 0 4 |a 616.1  |b V33 S96 
130 0 |a Vascular surgery (Online) 
245 1 0 |a Vascular surgery  |h [electronic resource]. 
260 |a [Glen Head, NY] :  |b Westminster Pub.,  |c -©2001. 
310 |a Bimonthly 
362 1 |a Print began with v. 1 (Apr. 1967). 
362 0 |a -v. 35(6) (Nov./Dec. 2001). 
506 |a License restrictions may limit access. 
538 |a Mode of access: World Wide Web. 
550 |a Sponsored by the American College of Angiology and the International College of Angiology. 
588 |a Description based on: Vol. 33(1) (Jan./Feb. 1999); title from issue table of contents (Ovid Web site, viewed Aug. 10, 2005). 
650 0 |a Blood-vessels  |x Surgery  |v Periodicals. 
650 6 |a Vaisseaux sanguins  |x Chirurgie  |v Périodiques. 
650 7 |a Blood-vessels  |x Surgery.  |2 fast  |0 (OCoLC)fst00834862 
650 1 2 |a Vascular Surgical Procedures  |v Periodicals. 
655 0 |a Electronic journals. 
710 2 |a American College of Angiology. 
710 2 |a International College of Angiology. 
776 1 |t Vascular surgery  |x 0042-2835  |w (DLC)sf 81008022  |w (OCoLC)1768960 
785 0 0 |t Vascular and endovascular surgery (Online)  |w (DLC) 2005266572  |w (OCoLC)52258854 
856 4 0 |z Full text available from Research Library: 09/01/1998 to 12/31/2001  |u https://search.proquest.com/publication/25601